|
|
|
|
| LEADER |
02030nam a2200529 i 4500 |
| 001 |
000854935 |
| 003 |
CZ BrMZK |
| 005 |
20260310143343.0 |
| 007 |
ta |
| 008 |
070621s1872 gw fr 000 0 ger |
| 020 |
|
|
|q (Vázáno)
|
| 040 |
|
|
|a BOA001
|b cze
|e rda
|
| 043 |
|
|
|a e-xr---
|
| 045 |
|
|
|a w-w-
|
| 072 |
|
7 |
|a 323
|x Vnitropolitický vývoj, politický život
|2 Konspekt
|9 15
|
| 080 |
|
|
|a (=162.3):(=112.2)
|2 MRF
|
| 080 |
|
|
|a 94(=162.3):(=112.2)
|2 MRF
|
| 080 |
|
|
|a 913(437.3)
|2 MRF
|
| 080 |
|
|
|a 323.1
|2 MRF
|
| 080 |
|
|
|a 39
|2 MRF
|
| 080 |
|
|
|a (437.3)
|2 MRF
|
| 080 |
|
|
|a (049)
|2 MRF
|
| 100 |
1 |
|
|a Andree, Richard,
|d 1835-1912
|7 jx20090217003
|4 aut
|
| 245 |
1 |
0 |
|a Tschechische Gänge :
|b böhmische Wanderungen und Studien /
|c von Richard Andree
|
| 264 |
|
1 |
|a Bielefeld ;
|a Leipzig :
|b Velhagen & Klasing,
|c 1872
|
| 300 |
|
|
|a xi, 273 stran ;
|c 20 cm
|
| 336 |
|
|
|a text
|b txt
|2 rdacontent
|
| 337 |
|
|
|a bez média
|b n
|2 rdamedia
|
| 338 |
|
|
|a svazek
|b nc
|2 rdacarrier
|
| 648 |
|
7 |
|a 19. století
|7 ch460557
|
| 650 |
0 |
7 |
|a Češi a Němci
|z Česko
|7 ph135237
|2 czenas
|
| 650 |
0 |
7 |
|a Češi a Němci
|x dějiny
|7 ph135237
|2 czenas
|
| 650 |
0 |
9 |
|a Czechs and Germans
|z Czechia
|2 eczenas
|
| 650 |
0 |
9 |
|a Czechs and Germans
|x history
|2 eczenas
|
| 651 |
|
7 |
|a Česko
|7 ge128065
|x reálie
|y 19. století
|2 czenas
|
| 651 |
|
7 |
|a Česko
|7 ge128065
|x národnostní poměry
|y 19. století
|2 czenas
|
| 651 |
|
7 |
|a Česko
|7 ge128065
|x etnografie
|y 19. století
|2 czenas
|
| 651 |
|
9 |
|a Czechia
|x description and travel
|y 19th century
|2 eczenas
|
| 651 |
|
9 |
|a Czechia
|x nationalities relations
|y 19th century
|2 eczenas
|
| 651 |
|
9 |
|a Czechia
|x ethnography
|y 19th century
|2 eczenas
|
| 655 |
|
7 |
|a pojednání
|7 fd133056
|2 czenas
|
| 655 |
|
9 |
|a essays
|2 eczenas
|
| 856 |
4 |
1 |
|u http://www.digitalniknihovna.cz/mzk/uuid/uuid:540600e0-1899-11e4-8e0d-005056827e51
|y Digitalizovaný dokument
|x NDK
|
| 910 |
|
|
|a BOA001
|b 2-0032.888
|b KPB-0001.847
|
| 990 |
|
|
|a BK
|
| 991 |
|
|
|b 202603
|
| 996 |
6 |
|
|b BC-463679
|c 2-0032.888
|l MZK
|r Sklad / do 24 hodin
|n 0
|w 000854935
|u 000020
|a 1
|e BOA001
|j MZK50
|s P
|